Argumentación jurídica.

Zapisane w:
Opis bibliograficzny
1. autor: Hernández Franco, Juan Abelardo (autor)
Format: Książka
Wydane: México D.F., Méxica: Oxford University Press México, 2010.
Wydanie:Primera edición.
Seria:Colección Textos Jurídicos Universitarios.
Hasła przedmiotowe:
Etykiety: Dodaj etykietę
Nie ma etykietki, Dołącz pierwszą etykiete!

MARC

LEADER 00000nam a2200000 a 4500
001 UCG1075
003 CL-VaPUC
005 20220822114533.0
008 220701t2010 ||||| |||| 00| 0 eng d
999 |c 436575  |d 436573 
020 |a 978-607-426-105-9 
040 |c Pontificia Universidad Católica de Valparaíso 
082 |a 340.1 HER 2006 
100 |a Hernández Franco, Juan Abelardo  |e autor  |9 571932 
245 1 |a Argumentación jurídica.  
250 |a Primera edición.  
260 |a México D.F., Méxica:   |b Oxford University Press México,   |c 2010. 
300 |a 190 páginas.  
490 |a Colección Textos Jurídicos Universitarios. 
500 |a c.1 Donación Familia Prof. Alejandro Guzmán Brito. 
583 |a last modification  |c 20130326 08:46:23  |k Cristina María Rojas Aguilar 
650 |a Razonamiento jurídico  |9 391435 
650 |a Argumentación jurídica  |9 469614 
650 |a Racionalidad jurídica  |9 871929 
942 |c BK  |2 ddc  |n 0 
952 |0 0  |1 0  |2 ddc  |4 0  |6 340_100000000000000_HER_2006  |7 1  |8 C_AGB  |9 584251  |a BIBDER  |b BIBDER  |d 2022-07-01  |e Donación   |i 5652357  |o 340.1 HER 2006   |p 5652357  |r 2023-01-25  |t 1  |w 2022-07-01  |y BK_US  |k AGB